000 00192 a2200097 4500
001 9041
100 _aMcMordie, W
245 _aEnglish idioms.
260 _a
_bOxford
_c
090 _c7223
_d7223
942 _aNUST-CAE
_cM
_c33849
999 _c244114
_d244114